<?xml version="1.0" encoding="UTF-8"?>
<record
    xmlns:xsi="http://www.w3.org/2001/XMLSchema-instance"
    xsi:schemaLocation="http://www.loc.gov/MARC21/slim http://www.loc.gov/standards/marcxml/schema/MARC21slim.xsd"
    xmlns="http://www.loc.gov/MARC21/slim">

  <leader>01369cam a22004097a 4500</leader>
  <controlfield tag="001">15109574</controlfield>
  <controlfield tag="003">NUST</controlfield>
  <controlfield tag="005">20220509125408.0</controlfield>
  <controlfield tag="008">071212s2007    ii            000 0 urd  </controlfield>
  <datafield tag="010" ind1=" " ind2=" ">
    <subfield code="a">  2007375316</subfield>
  </datafield>
  <datafield tag="020" ind1=" " ind2=" ">
    <subfield code="a">9781864760798</subfield>
  </datafield>
  <datafield tag="025" ind1=" " ind2=" ">
    <subfield code="a">I-U-2007-375316; 11</subfield>
  </datafield>
  <datafield tag="037" ind1=" " ind2=" ">
    <subfield code="a">Library of Congress -- New Delhi Overseas Office</subfield>
    <subfield code="c">Rs600.00</subfield>
  </datafield>
  <datafield tag="038" ind1=" " ind2=" ">
    <subfield code="a">Arshad</subfield>
  </datafield>
  <datafield tag="040" ind1=" " ind2=" ">
    <subfield code="a">DLC</subfield>
    <subfield code="c">DLC</subfield>
    <subfield code="d">DLC</subfield>
  </datafield>
  <datafield tag="041" ind1="1" ind2=" ">
    <subfield code="a">urd</subfield>
    <subfield code="a">hin</subfield>
    <subfield code="a">san</subfield>
    <subfield code="a">per</subfield>
    <subfield code="h">per</subfield>
  </datafield>
  <datafield tag="042" ind1=" " ind2=" ">
    <subfield code="a">lcode</subfield>
  </datafield>
  <datafield tag="050" ind1="0" ind2="0">
    <subfield code="a">MLCMA 2008/00076 (P)</subfield>
    <subfield code="a">PK6511.A1</subfield>
  </datafield>
  <datafield tag="082" ind1=" " ind2=" ">
    <subfield code="a">891.551</subfield>
    <subfield code="b">KHA</subfield>
  </datafield>
  <datafield tag="100" ind1="0" ind2=" ">
    <subfield code="a">Omar Khayyam.</subfield>
    <subfield code="9">91360</subfield>
  </datafield>
  <datafield tag="245" ind1="1" ind2="0">
    <subfield code="a">Rub&#x101;&#x2BB;&#x12B;y&#x101;t-i &#x2BB;Umar K&#x332;h&#x332;ayy&#x101;m :</subfield>
    <subfield code="b"> in English verse /</subfield>
    <subfield code="c">Omar Khayyam; H&#xFC;seyin Dani&#x15F;</subfield>
  </datafield>
  <datafield tag="260" ind1=" " ind2=" ">
    <subfield code="a">Australia :</subfield>
    <subfield code="b">Axiom,</subfield>
    <subfield code="c">2001.</subfield>
  </datafield>
  <datafield tag="300" ind1=" " ind2=" ">
    <subfield code="a">73 p. ;</subfield>
    <subfield code="c">25 cm.</subfield>
  </datafield>
  <datafield tag="563" ind1=" " ind2=" ">
    <subfield code="a">PBK</subfield>
  </datafield>
  <datafield tag="650" ind1=" " ind2=" ">
    <subfield code="a">Persian poetry</subfield>
    <subfield code="9">91361</subfield>
  </datafield>
  <datafield tag="650" ind1=" " ind2=" ">
    <subfield code="a">Manuscripts, Persian</subfield>
    <subfield code="9">91362</subfield>
  </datafield>
  <datafield tag="700" ind1="1" ind2=" ">
    <subfield code="a">R&#x101;kesh, Musht&#x101;q A&#x1E25;mad.</subfield>
    <subfield code="9">91363</subfield>
  </datafield>
  <datafield tag="700" ind1="1" ind2=" ">
    <subfield code="a">Aro&#x1E5B;&#x101;, Dharmendar N&#x101;th.</subfield>
    <subfield code="9">91364</subfield>
  </datafield>
  <datafield tag="700" ind1="1" ind2=" ">
    <subfield code="a">&#x2BB;Us&#x332;m&#x101;n&#x12B;, Abulfaiz&#x324;.</subfield>
    <subfield code="9">91365</subfield>
  </datafield>
  <datafield tag="700" ind1="0" ind2="2">
    <subfield code="a">Omar Khayyam.</subfield>
    <subfield code="t">Rub&#x101;&#x2BB;&#x12B;y&#x101;t.</subfield>
    <subfield code="9">91366</subfield>
  </datafield>
  <datafield tag="700" ind1="0" ind2="2">
    <subfield code="a">Omar Khayyam.</subfield>
    <subfield code="t">Rub&#x101;&#x2BB;&#x12B;y&#x101;t.</subfield>
    <subfield code="l">Hindi.</subfield>
    <subfield code="9">91367</subfield>
  </datafield>
  <datafield tag="700" ind1="0" ind2="2">
    <subfield code="a">Omar Khayyam.</subfield>
    <subfield code="t">Rub&#x101;&#x2BB;&#x12B;y&#x101;t.</subfield>
    <subfield code="l">Sanskrit.</subfield>
    <subfield code="9">91368</subfield>
  </datafield>
  <datafield tag="700" ind1="0" ind2="2">
    <subfield code="a">Omar Khayyam.</subfield>
    <subfield code="t">Rub&#x101;&#x2BB;&#x12B;y&#x101;t.</subfield>
    <subfield code="l">Urdu.</subfield>
    <subfield code="9">91369</subfield>
  </datafield>
  <datafield tag="906" ind1=" " ind2=" ">
    <subfield code="a">7</subfield>
    <subfield code="b">ibc</subfield>
    <subfield code="c">origode</subfield>
    <subfield code="d">4</subfield>
    <subfield code="e">ncip</subfield>
    <subfield code="f">20</subfield>
    <subfield code="g">y-gencatlg</subfield>
  </datafield>
  <datafield tag="942" ind1=" " ind2=" ">
    <subfield code="2">ddc</subfield>
    <subfield code="c">BK</subfield>
  </datafield>
  <datafield tag="999" ind1=" " ind2=" ">
    <subfield code="c">589519</subfield>
    <subfield code="d">589519</subfield>
  </datafield>
  <datafield tag="952" ind1=" " ind2=" ">
    <subfield code="0">0</subfield>
    <subfield code="1">0</subfield>
    <subfield code="2">ddc</subfield>
    <subfield code="4">0</subfield>
    <subfield code="7">0</subfield>
    <subfield code="a">CL</subfield>
    <subfield code="b">CL</subfield>
    <subfield code="c">LIT</subfield>
    <subfield code="d">2022-05-09</subfield>
    <subfield code="l">0</subfield>
    <subfield code="o">891.551 KHA</subfield>
    <subfield code="p">CL2117</subfield>
    <subfield code="r">2022-05-09</subfield>
    <subfield code="w">2022-05-09</subfield>
    <subfield code="y">BK</subfield>
  </datafield>
</record>
